Fr. Conceicao Rodrigues College of Engineering

Techniques of Pressworking Sheet Metal 2nd ended (Record no. 26475)

MARC details
000 -LEADER
fixed length control field 00311nam a2200133Ia 4500
100 ## - MAIN ENTRY--PERSONAL NAME
Personal name Eary/D.F & Reed/E.A
245 ## - TITLE STATEMENT
Title Techniques of Pressworking Sheet Metal 2nd ended
260 ## - PUBLICATION, DISTRIBUTION, ETC.
Name of publisher, distributor, etc. Prentice-hall
Place of publication, distribution, etc. London
Date of publication, distribution, etc. 1974
300 ## - PHYSICAL DESCRIPTION
Extent 596
546 ## - LANGUAGE NOTE
Language note ENGLISH
654 ## - SUBJECT ADDED ENTRY--FACETED TOPICAL TERMS
Focus term Sheet Metal
942 ## - ADDED ENTRY ELEMENTS (KOHA)
Koha item type BOOK
Holdings
Withdrawn status Lost status Damaged status Not for loan Collection Home library Current library Shelving location Date acquired Total Checkouts Full call number Barcode Date last seen Price effective from Koha item type
        CRC Fr. Agnel's C.Rodrigues College of Engineering Fr. Agnel's C.Rodrigues College of Engineering   17/03/2023   7784 17/03/2023 17/03/2023 BOOK